| 000 | 00485nam a22001817a 4500 | ||
|---|---|---|---|
| 003 | CEME | ||
| 005 | 20210628205157.0 | ||
| 008 | 210301b xxu||||| |||| 00| 0 eng d | ||
| 020 | _a0-471-58262-X | ||
| 040 | _c. | ||
| 082 | _a620.1123 MEY'D | ||
| 100 |
_aMeyers, Mare Andre _974280 |
||
| 245 | _aDynamics behavior of materials | ||
| 260 |
_aNEWYORK _bJOHN WILEY _c1994 |
||
| 300 | _a668P | ||
| 650 |
_aMICROMECHANICS MATERIALS DEFORMATIONS ACC NO-30877 _974281 |
||
| 942 |
_cBK _2ddc |
||
| 999 |
_c579836 _d579836 |
||